1254 1603 1619 1500 1121 1309 1338 1071 1207 1483 1019 1662 1110 1769 1019 1316 1851 1961 1233 1644 1566 1373 1224 1878 1287 1740 1685 1488 1270 1954 1981 1565 1188 1301 1987 1776 1898 1456 1595 1553 1694 1188 1694 1173 1934 1255 1397 1745 1345 1006 1990 1883 1933 1009 1672 1409 1856 1745 1274 1513 1045 1121 1588 1028 1912 1264 1819 1789 1485 1279 1360 1524 1286 1765 1187 1768 1046 1676 1755 1567 1739 1567 1978 1308 1154 1621 1276 1731 1414 1122 1774 1835 1779 1455 1214 1200 1854 1510 1123 BCNSPRNW ULIB Ver.6.0+V

เปลี่ยนเป็นภาษาไทย

Change to English
 แสดงรายละเอียดบรรณานุกรม
  กลับหน้าหลัก

Brief Record : Get Marc (ISO 2709) : E-mail record : QR code < ปิดหน้าต่าง
LEADER : 00000nam 2200000uu 4500
001    13399127307
003     ULIB
008    200409s2562||||th 000 0 tha d
020    ^a9786164074224
060    ^aWY159^bส759ก
100    ^aสุชาดา ศรีทิพยวรรณ
245    ^aการบริบาลทางระบบหายใจที่บ้านสำหรับผู้ป่วยเด็ก
250    ^aพิมพ์ครั้งที่ 1
260    ^aกรุงเทพฯ :^bภาควิชากุมารเวชศาสตร์ คณะแพทยศาสตร์ จุฬาลงกรณ์มหาวิทยาลัย,^c2562
300    ^a252 หน้า^bภาพประกอบ, ตาราง, ภาคผนวก
650    ^aการพยาบาลกุมารเวชศาสตร์
650    ^aระบบทางเดินหายใจ, โรค^xการดูแลที่บ้าน
945    ^p0^l0^i28098
945    ^p0^l0^i28099
945    ^p0^l0^i28100
945    ^p0^l0^i28101
945    ^p0^l0^i28102
999    ^aกัณชพร จุลอักษร
รายการนี้ยังไม่มีแท็ก
คุณยังไม่ได้ล็อกอิน คุณสามารถมีกิจกรรมร่วมกับเว็บไซต์ได้ แต่ต้องล็อกอินก่อน ::
  ล็อกอิน

รายการสื่อสารสนเทศ

ลำดับที่ ประเภท เลขเรียก/บาร์โค้ด สถานที่ สถานะ
1. หนังสือสำรอง
หนังสือสำรอง
WY159 ส759ก ฉ.1 
  Barcode: 28098
ห้องสมุดวิทยาเขตนครสวรรค์
►หนังสือทั่วไป:l:General Books
บนชั้น
2. วิทยาศาสตร์การแพทย์ และสุขภาพ
วิทยาศาสตร์การแพทย์ และสุขภาพ
WY159 ส759ก ฉ.2 
  Barcode: 28099
ห้องสมุดวิทยาเขตนครสวรรค์
►หนังสือทั่วไป:l:General Books
บนชั้น
3. วิทยาศาสตร์การแพทย์ และสุขภาพ
วิทยาศาสตร์การแพทย์ และสุขภาพ
WY159 ส759ก ฉ.3 
  Barcode: 28100
ห้องสมุดวิทยาเขตนครสวรรค์
►หนังสือทั่วไป:l:General Books
บนชั้น
4. วิทยาศาสตร์การแพทย์ และสุขภาพ
วิทยาศาสตร์การแพทย์ และสุขภาพ
WY159 ส759ก ฉ.4 
  Barcode: 28101
ห้องสมุดวิทยาเขตนครสวรรค์
►หนังสือทั่วไป:l:General Books
บนชั้น
5. วิทยาศาสตร์การแพทย์ และสุขภาพ
วิทยาศาสตร์การแพทย์ และสุขภาพ
WY159 ส759ก ฉ.5 
  Barcode: 28102
ห้องสมุดวิทยาเขตนครสวรรค์
►หนังสือทั่วไป:l:General Books
บนชั้น

รายการใกล้เคียง
    ชื่อเรื่อง [การบริบาลทางระบบหายใจที่บ้านสำหรับผู้ป่วยเด็ก]

    ผู้แต่ง [สุชาดา ศรีทิพยวรรณ]

    หัวเรื่อง [การพยาบาลกุมารเวชศาสตร์]

BibComment


ยังไม่เคยถูกคอมเมนท์

คอมเมนท์ทรัพยากรรายการนี้
  คอมเมนท์: การบริบาลทางระบบ..


 Copyright 2026. Bcnsprnw @Library